Books That Lost a Word Quiz Stats

Quiz Updated Nov 8, 2017

Challenge
Share
Tweet
Embed
Score 0/40 Timer 06:00
3 Plays Today
% Correct
And
96.4%
Leagues
95.2%
Tom's
93.5%
Country
93.4%
October
93%
Wild
92.8%
Dorian
91.8%
Go
91.5%
Time
91.5%
Cold
90.6%
Why
88.1%
Chatterley's
86.1%
Than
85.5%
God
83.7%
President's
83.3%
Fishing
83%
Right
81.8%
Grows
81%
Corner
80.7%
Gun
80.6%
% Correct
Ask
78.5%
Watching
77.5%
Corelli's
77%
Love
76.2%
Gables
72.8%
Snow
70.2%
Shop
69.7%
They
68.1%
Girl
67.8%
Owen
67.2%
Towards
63.4%
Wobegon
63.2%
Charing
62.2%
Ramona
53.8%
Pretty
53.2%
Second
51.6%
Great
49.3%
Town
47.1%
Pioneers
46.9%
God's
30.5%

You're not logged in!

Compare scores with friends on all Sporcle quizzes.
Join for Free
OR
Log In

You Might Also Like...

Show Comments

Extras

Top Quizzes Today


Score Distribution

Your Account Isn't Verified!

In order to create a playlist on Sporcle, you need to verify the email address you used during registration. Go to your Sporcle Settings to finish the process.

Report this User

Report this user for behavior that violates our Community Guidelines.

Details: